ChemOffice ultra 2010
This ultimate chemistry & biology suite is designed to meet the needs of both chemists and biologists. ChemBioOffice 2010 includes Chem&Bio Draw : chem & bio drawing standard, Chem&Bio3D finder and Bioviz, enterprise solutions and databases including E-notebook and ChemBioOffice : Ch...
Đã lưu trong:
| Định dạng: | Sách |
|---|---|
| Ngôn ngữ: | Undetermined |
| Được phát hành: |
Cambridge, MA
CambridgeSoft
2010
|
| Những chủ đề: | |
| Các nhãn: |
Thêm thẻ
Không có thẻ, Là người đầu tiên thẻ bản ghi này!
|
| Thư viện lưu trữ: | Trung tâm Học liệu Trường Đại học Cần Thơ |
|---|
| LEADER | 00747nam a2200169Ia 4500 | ||
|---|---|---|---|
| 001 | CTU_164240 | ||
| 008 | 210402s9999 xx 000 0 und d | ||
| 020 | |c 1324.44 | ||
| 082 | |a 572.0285 | ||
| 082 | |b C517 | ||
| 245 | 0 | |a ChemOffice ultra 2010 | |
| 260 | |a Cambridge, MA | ||
| 260 | |b CambridgeSoft | ||
| 260 | |c 2010 | ||
| 520 | |a This ultimate chemistry & biology suite is designed to meet the needs of both chemists and biologists. ChemBioOffice 2010 includes Chem&Bio Draw : chem & bio drawing standard, Chem&Bio3D finder and Bioviz, enterprise solutions and databases including E-notebook and ChemBioOffice : Chemistry, biology and knowledge | ||
| 650 | |a Biochemistry,Biochemistry | ||
| 980 | |a Trung tâm Học liệu Trường Đại học Cần Thơ | ||